000
00317nam a2200121 a 4500
008
110412s1969|||| d
245
1
0
_a
Šarišské múzeum v Bardejove
260
_c
1969
_b
Východoslovenské vydavateľstvo
_a
Košice
020
_c
23
044
_a
xo
_c
SK
041
_a
slo
100
1
_a
Sedlák,Imrich
999
_c
18978
_d
18978